01014nam a2200241Ia 450000100060000000300090000600800410001504000130005604000130006904100130008210000170009510000290011224500420014124500400018325000110022326000130023426000110024726000490025830000430030750003490035065000420069965000310074116111IT-RoPAU130308s9999 xx 000 0 und d aIT-RoPAU cIT-RoPAU aFRANCESE aGritti Jules gCodice Aut. SPICS: 5792 aTelevision et conscience chretienne  bTelevision et Conscience Chretienne a1a ed. aTOULOUSE bPrivat c1963 [1° Ed.:1963 - Ed.Ling.Originale:1963] a"158 p. (prefazione: no ; testo: 158)" aTelevisione e Coscienza Cristiana Televisione Industria privata o Servizio Pubblico? Troupe Televisiva.Registi tecnici giornalisti Teatro Cinema e Televisione programmi Televisivi Arte e Televisione Morale e Televisione Educazione e Televisione Televisione e presenza Cristiana Apostolato e Televisione Televisione e Cultura immagine Televisiva aSAGGI PASTORALE COMUNICAZIONE SOCIALE eCodice materia Spics: 9311